Statistics for Survivor: Game Changers Contestants (Final Placements)

Click here to take the quiz!

General Stats

  • This quiz has been taken 532 times
  • The average score is 17 of 20

Answer Stats

HintAnswer% Correct
20thCiera Eastin (Blood vs. Water & Cambodia)
93%
19thTony Vlachos (Cagayan, Winner)
93%
WinnerSarah Lacina (Cagayan)
90%
Runner-UpBrad Culpepper (Blood vs. Water)
88%
15thSandra Diaz-Twine (Pearl Islands, Winner & Heroes vs. Villains, Winner)
87%
4thTai Trang (Kaoh Rong)
87%
2nd Runner-UpTroy "Troyzan" Robertson (One World)
87%
6thCirie Fields (Exile Island & Micronesia & Heroes vs. Villains)
84%
16thJames "J.T." Thomas (Tocantins, Winner & Heroes vs. Villains)
84%
14thJeff Varner (Australia & Cambodia)
84%
17thMalcolm Freberg (Philippines & Caramoan)
82%
10thZeke Smith (Millennials vs. Gen X)
82%
5thAubry Bracco (Kaoh Rong)
81%
12thOscar "Ozzy" Lusth (Cook Islands & Micronesia & South Pacific)
79%
9thSierra Dawn Thomas (Worlds Apart)
78%
13thHali Ford (Worlds Apart)
76%
8thAndrea Boehlke (Redemption Island & Caramoan)
75%
11thDebbie Wanner (Kaoh Rong)
75%
7thMichaela Bradshaw (Millennials vs. Gen X
75%
18thCaleb Reynolds (Kaoh Rong)
71%

Score Distribution

Percentile by Number Answered

Percent of People with Each Score

Your Score History

You have not taken this quiz